000 00526nam a2200169 4500
001 139845
003 ES-MaACL
005 20230906195926.0
007 t|
008 070214s1970 sp r ||||1| spa d
100 1 _aSchnitzler, Theodor.
_9104596
245 1 4 _aLos cánones y los nuevos prefacios de la misa /
_cTheodor Schnitzler ; versión de Daniel Ruiz Bueno.
260 _aBarcelona :
_bHerder,
_c1970.
300 _a307 p. ;
_c20 cm.
700 1 _aRuiz Bueno, Daniel.
_9100677
852 _aES-MaACL
_jC-50936
_bR.72494
999 _c139845
_d139845